000 00671nam a2200181Ia 4500
001 3258
005 20260306144907.0
008 260306t1961||||xx |||||||||||||| ||spa||
041 _aESP
082 _a262.91
_bJ81M
100 _aJuan XXIII.
_eAUT
245 0 _aCarta encíclica mater et magistra:
_ba los venerables hermanos patriarcas, primados, arzobispos, obispos y demás ordinarios locales en paz y comunión con la sede apostólica. A todos los sacerdores y fieles del orbe católico. Juan Papa XXIII venerables hermanos salud y bendición
260 _c1961
300 _a101 páginas :
_c20 cm.
650 _aGEN
654 _aCHU
942 _cLIB
_dJUS
_fJUS
_2ddc
_n
999 _c3258
_d3258